Responses for Show #417 - Tuesday, April 15, 1986

Guy Tonti game 2.

Contestants

[<< previous game]

Debbie Ingram, a writer from Sherman Oaks, California

Chris Campbell, a lawyer from Long Beach, California

Guy Tonti, a telecommunications manager from San Francisco, California (whose 1-day cash winnings total $9,000)

[next game >>]

Jeopardy! Round responses

U.S. GEOGRAPHY
FINANCIAL AFFAIRS
PRISONS
GOLDEN OLDIES
MAMMALS
SPELLING
    $100 12
the dells

Guy
    $100 1
penny

Debbie
    $100 17
the Soviet Union

Chris
    $100 7
Cupid

Chris
    $100 24
beavers

Chris
    $100 2
C-A-T & R-A-T

Debbie
    $200 13
Oak Ridge

Guy
    $200 5
the Krugerrand

Chris
    $500 20
(Alex: With the great Elvis Presley and we've got a minute to go in this round.)

"Jailhouse Rock"

Chris
    $200 8
Eleanor Rigby

Chris
    $200 25
insulin

Chris
    $200 3
K-A-L-A-M-A-Z-O-O

Debbie
    $300 14
Utah

Triple Stumper
    $300 6
Dire Straits

Triple Stumper
    $300 21
England

Chris
    $300 9
(Guy: Uh, what was a yellow polka dot bikini? An [*]?)
(Alex: That's it, I was about to say be a little more specific.)

an "Itsy Bitsy Teenie Weenie Yellow Polka Dot Bikini"

Guy
    $300 26
[The end-of-round signal sounds.]

tongue

Chris
    $300 4
(Debbie: What is B-I-T-S?)
...
(Alex: I like Debbie's attempt to narrow it to a very short word and one that is easily managed.)
[Laughter]

S-M-I-T-H-E-R-E-E-N-S

GuyDebbie
    $400 15
(Chris: What is Washington?)
...
(Alex: Not fast enough, Guy... Aren't you glad you didn't get it?)
(Guy: I owe one.)

Alaska

Chris
Triple Stumper
    $400 18
for not showing up (canceling some of their tickets--Super Saver fare)

Triple Stumper
    $400 22
San Quentin

Chris
    $400 10
(Alex: By Smokey Robinson, right.)

the tracks of my tears

Guy
    $500 16
the Piedmont

Debbie
    $500 19
(Alex: [*]--13 miles per gallon.)

because it has poor gas mileage

Triple Stumper
    $500 23
Leavenworth

Chris
    $500 11
(Guy: What was the "Limbo"?)
(Alex: Be a little more specific.)

the "Limbo Rock"

Guy

Scores at the first commercial break (after clue 11):

Guy Chris Debbie
$1,500 $500 $100

Scores at the end of the Jeopardy! Round:

Guy Chris Debbie
$1,800 $2,500 $600

Double Jeopardy! Round responses

HISTORY
FASHION DESIGNERS
THE BIBLE
PLASTICS
BOTANY
GAMES
    $200 2
Iran

Chris
    $200 17
Chanel

Debbie
    $200 1
(Debbie: What are sparrows?)

doves

ChrisDebbie
    $200 12
Styrofoam

Debbie
    $200 15
a rubber tree plant

Debbie
    $200 7
twice

Chris
    $400 3
the Earth's circumference

Guy
    $400 18
lingerie

Triple Stumper
    $400 20
(Alex: Yes, 19th chapter of Leviticus and Matthew.)

both

Chris
    $400 13
nylon

Guy
    $400 25
light exposure

Chris
    $400 8
poker

Guy
    $600 4
Winston Churchill

Debbie
    $600 19
Carole Little

Triple Stumper
    $600 21
(Alex: Not fast enough, Chris.)

Saul

Triple Stumper
    $600 14
acrylics

Guy
    $600 26
desert

Chris
    $600 9
Ping Pong (table tennis)

Guy
    $800 5
1968

Chris
    $100 29
(Guy: I have no idea.)
...
(Alex: Romain de Tirtoff.)

Erté

Guy
    $800 22
Esau

Triple Stumper
    $800 16
(Guy: What is polyethylene?)

Teflon

Guy
Triple Stumper
    $800 27
(the white) ash

Guy
    $800 10
the 10

Guy
    $1000 6
(Chris: What are the U.S.S.R. and Germany?)

(2 of) Russia, Prussia (or Austria)

GuyChris
    $1000 30
(Alex: Guy, do you want to try it again?)
(Guy: No, nothing left.)
[Laughter as blank board is shown]
(Alex: Well, surprise, surprise--thank you for telling me that; if I don't look over there, I don't know.)

Zandra Rhodes

Triple Stumper
    $1000 23
(Chris: Let us [*] together.)
[Chris did not phrase it properly and Alex said nothing about it.]

reason

Chris
    $1000 24
(Alex: We've got a minute to go in the round.)

able to be molded (malleable)

Triple Stumper
    $1000 28
the point where a branch grew from the tree

Triple Stumper
    $2,000 11
(Guy: It's a struggle now.)
(Alex: No more categories you like?)

rook takes rook

Guy

Scores at the end of the Double Jeopardy! Round:

Guy Chris Debbie
$7,900 $5,300 $1,600

[wagering suggestions for these scores]

Final Jeopardy! Round responses

THE MILITARY
(Alex: [To Debbie] He was not a 5-star general.)
DebbieWho is Patton?
$1,599
ChrisWho is Bradley
$5,299
GuyWho is Bradley
$2,700
(Omar) Bradley, (George) Marshall or (Henry) Arnold

Final scores:

Guy Chris Debbie
$10,600 $10,599 $1
2-day champion: $19,600 2nd place: Carrera Action Recliner by Lane + Alsy lamps 3rd place: Structo gas grill

Game dynamics:

Coryat scores:

Guy Chris Debbie
$7,000 $5,000 $1,600
15 R
(including 1 DD),
2 W
(including 1 DD)
19 R
(including 1 DD),
2 W
8 R,
2 W

Combined Coryat: $13,600

[game clues] [game scores] [suggest correction]

Game tape date: 1985-11-19
The J! Archive is created by fans, for fans. Scraping, republication, monetization, and malicious use prohibited; this site may use cookies and collect identifying information. See terms. The Jeopardy! game show and all elements thereof, including but not limited to copyright and trademark thereto, are the property of Jeopardy Productions, Inc. and are protected under law. This website is not affiliated with, sponsored by, or operated by Jeopardy Productions, Inc. Join the discussion at JBoard.tv.